000 00514nam a2200181 a 4500
001 1771067063443
003 YourLibrary
005 20260214163805.0
008 260214s2006##################000#0#eng##
020 _a9780753511015
082 0 4 _a306.7092
_bPOR
100 1 _aPortnoy, Suzanne,
_eauthor.
245 1 0 _aThe Butcher, the Baker, the Candlestick Maker :
260 _bVirgin Books Limited,
_c2006.
650 0 _aBiography & Autobiography.
942 _cENGLISH
040 _aYourLibrary
_beng
_cYourLibrary
999 _c612527
_d612527